00350nam a2200145Ia 4500008004100000020001500041041001200056082001600068100001800084245003700102260002500139300000800164650001400172700001800186221030s9999 xx 000 0 und d a0070445397 aEnglish a105.23bWhi aJ. L. Whitten 0aSystem Analysis & Design Methods bTMHaNew Delhic2002 a724 aComputers aL. D. Bentley